000 01002nas a2200301 4500
001 BR2013005889
003 BR-BrBNA
005 20231205122744.0
007 ta
008 230509b bl.|||p| |||| 00| 00por d
040 _aBR-BrBNA
_bpor
_cBiblioteca Nacional de Agricultura
041 _a(Pt)
072 _aF06; F08
100 1 _aNery, A.R.
100 1 _aRodrigues, L.N.
100 1 _aFernandes, P.D.
100 1 _aChaves, L.H.G.
100 1 _aFerreira, D. de J.L.
245 1 _aProdução do segundo ciclo do pinhão-manso irrigado com águas salinizadas em ambiente protegido
650 _aJATROPHA CURCAS
650 _aIRRIGAÇÃO
650 _aCULTIVO PROTEGIDO
650 _aCONDUTIVIDADE ELÉTRICA
773 0 _tRevista Brasileira de Engenharia Agrícola e Ambiental (Brazil)
_xISSN 1807-1929
_g(May 2013), v. 17(5) p. 531-536
_wBR2013005889
856 4 0 _uhttp://www.scielo.br/pdf/rbeaa/v17n5/a10v17n5.pdf
909 _a202311
_bLúcia
_c55
_dLúcia Elande
942 _2AGRIS
_n0
_cANA
999 _c230379
_d230379